00724nam a2200241 a 4500001001300000003000900013005001700022008004100039020001000080082001300090100002000103245001800123260005800141300000900199500003500208505001400243650001100257902000800268942000700276952009300283952009300376999001300469nice12345678IN_TiNIC20260116011324.0050524s1935 hyda grp 000 0 urd  ac10000a170bSTE aStephen, Leslie aIlmul-Ikhlaq. aHyderabadbDarut Taba Jamia Osmania sarkar aalic1935 a554p aincludes index and biblioraphy2 areference aEthics bSRS cBK 00104070aHMIbHMId0000-00-00g100.00l0o170 STEp4087r0000-00-00w2026-01-16yARB 00104070aHMIbHMId0000-00-00g100.00l0o170 STEp5888r0000-00-00w2026-01-16yARB c507d507